Islamic Revivalism in a Changing Peasant Economy (Record no. 9716)

MARC details
000 -LEADER
fixed length control field 00679nam a2200253 a 4500
020 ## - INTERNATIONAL STANDARD BOOK NUMBER
ISBN 0700759
082 00 - DEWEY DECIMAL CLASSIFICATION NUMBER
Classification number 330.10297
Author Cutter DOB
100 ## - MAIN ENTRY--AUTHOR NAME
Author name Dobbin, Christine
245 ## - TITLE STATEMENT
Title Islamic Revivalism in a Changing Peasant Economy
Sub title Central Sumatra, 1784-184
260 ## - PUBLICATION, DISTRIBUTION, ETC. (IMPRINT)
Place of publication London
Name of publisher Curzon Press
Year of publication 1983
300 ## - PHYSICAL DESCRIPTION
Number of Pages 300p
500 ## - GENERAL NOTE
General note includes index and biblioraphy
505 2# - FORMATTED CONTENTS NOTE
Formatted contents note Index
650 ## - SUBJECT ADDED ENTRY--TOPICAL TERM
Topical Term Islam-Indonesia-samatra
650 ## - SUBJECT ADDED ENTRY--TOPICAL TERM
Topical Term Islam-Revelation
942 ## - ADDED ENTRY ELEMENTS (KOHA)
Koha item type Books
700 1# -
-- Dobbin, Christine
Holdings
Collection code Home library Current library Date acquired Cost, normal purchase price Full call number Accession Number Koha item type Shelving location Source of acquisition
  Henry Martyn Institute Library Henry Martyn Institute Library 04/25/2007 360.00 330.10297 DOB 015199 Books    
  Henry Martyn Institute Library Henry Martyn Institute Library 09/11/2023 2878.00 330.10297 DOB 11-4751 Books General stacks Netherlands
                   Copyright © 2026 | Henry Martyn Institute | Hyderabad | TS-500052 | INDIA | Implemented by hmi.edu.in
Hit-Count:

Powered by Koha